| 000 | 00000nas 2200000zi 4500 |
| 001 | 9.922012 |
| 003 | CaOODSP |
| 005 | 20240314152357 |
| 006 | m o d f |
| 007 | cr ||||||||||| |
| 008 | 230427c20209999oncar p o||||f1 b0fre| |
| 040 | |aCaOODSP|bfre|erda|cCaOODSP |
| 043 | |an-cn--- |
| 086 | 1 |aPS7-3F-PDF |
| 110 | 2 |aRéseau canadien d'étude des risques et dangers.|eauteur, |eorganisme de publication. |
| 245 | 10|aTable ronde ... sur la RRC. |
| 246 | 3 |aTable ronde ... sur la réduction des riskques de catastrophes |
| 264 | 1|a[Ottawa] : |b[Sécurité publique Canada], |c[2020]- |
| 310 | |aAnnuel |
| 336 | |atexte|btxt|2rdacontent/fre |
| 337 | |ainformatique|bc|2rdamedia/fre |
| 338 | |aressource en ligne|bcr|2rdacarrier/fre |
| 362 | 1 |aParaît depuis : 2020. |
| 500 | |aPubl. aussi en anglais sous le titre : DRR Roundtable ... |
| 500 | |aChaque livraison comporte un titre distinct. |
| 500 | |aVariante dans le sous-titre. |
| 500 | |a«Financé par le gouvernement du Canada.» |
| 588 | |aDescription d'après : 2020. |
| 588 | |aDernière livraison consultée : 2020. |
| 650 | 6|aProtection civile|zCanada|vCongrès|vPériodiques. |
| 650 | 6|aGestion du risque|zCanada|vPériodiques. |
| 655 | 7|aPériodiques|2rvmgf |
| 710 | 1 |aCanada. |bSécurité publique Canada, |eorganisme de publication. |
| 775 | 08|tDRR Roundtable ...|w(CaOODSP)9.922013 |
| 780 | 00|t... Table ronde nationale annuelle sur la réduction des risques de catastrophe |w(CaOODSP)9.515936 |